1149 1100 1006 1278 1439 1460 1231 1092 1600 1107 1458 1696 1549 1731 1460 1812 1991 1221 1321 1543 1234 1889 1743 1894 1357 1681 1905 1257 1766 1611 1675 1836 1334 1663 1557 1416 1209 1257 1285 1295 1151 1458 1354 1510 1703 1345 1544 1044 1239 1534 1913 1587 1254 1075 1995 1182 1346 1202 1355 1820 1834 1436 1347 1255 1187 1382 1739 1222 1814 1533 1668 1954 1355 1715 1869 1768 1700 1079 1685 1634 1124 1973 1985 1857 1493 1606 1105 1175 1716 1170 1424 1287 1142 1171 1702 1700 1821 1689 1867 BCNSPRNW ULIB Ver.6.0+V

เปลี่ยนเป็นภาษาไทย

Change to English
 แสดงรายละเอียดบรรณานุกรม
  กลับหน้าหลัก

Brief Record : Get Marc (ISO 2709) : E-mail record : QR code < ปิดหน้าต่าง
LEADER : 00000nam 2200000uu 4500
001    13399120702
003     ULIB
008    121004s2551||||th 000 0 tha d
020    ^a9789742248376
050 04 ^aBJ1481^bช440ค
100 0  ^aชัยเสฏฐ์ พรหมศรี
245 10 ^aคิดสุข ทุกข์จาง = slim up your life /^cชัยเสฎฐ์ พรหมศรี
250    ^aพิมพ์ครั้งที่ 1
260    ^aกรุงเทพฯ :^bLazy-day,^c2551
300    ^a174 หน้า ;^c19 ซม.
650  7 ^aการดำเนินชีวิต
650  7 ^aความสุข
650  7 ^aจิตวิทยาประยุกต์
945    ^p155^l0^i15725
995    ^aวิภา
999 ^a ใช้งานได้ทุกระบบ
รายการนี้ยังไม่มีแท็ก
คุณยังไม่ได้ล็อกอิน คุณสามารถมีกิจกรรมร่วมกับเว็บไซต์ได้ แต่ต้องล็อกอินก่อน ::
  ล็อกอิน

รายการสื่อสารสนเทศ

ลำดับที่ ประเภท เลขเรียก/บาร์โค้ด สถานที่ สถานะ
1. วิทยาศาสตร์การแพทย์ และสุขภาพ
วิทยาศาสตร์การแพทย์ และสุขภาพ
BJ1481 ช440ค  
  Barcode: 15725
ห้องสมุดวิทยาเขตสวรรค์ประชารักษ์
►หนังสือทั่วไป
บนชั้น

รายการใกล้เคียง
    ผู้แต่ง [ชัยเสฏฐ์ พรหมศรี]

    หัวเรื่อง [การดำเนินชีวิต]
    หัวเรื่อง [ความสุข]
    หัวเรื่อง [จิตวิทยาประยุกต์]

BibComment


ยังไม่เคยถูกคอมเมนท์

คอมเมนท์ทรัพยากรรายการนี้
  คอมเมนท์: คิดสุข ทุกข์จาง ..


 Copyright 2026. Bcnsprnw @Library